[Event "CP-2012-Q-00014"]
[Site "LSS email"]
[Date "2013.12.17"]
[Round "?"]
[White "Ovchinkin, GA."]
[Black "Szymanski, Robert"]
[Result "1/2-1/2"]
[WhiteElo "2102"]
[BlackElo "2396"]
[PlyCount "79"]
[EventDate "2013.12.22"]
[EventType "tourn (corr)"]
[EventRounds "6"]
[EventCountry "GER"]
[SourceTitle "Corr 2015"]
[Source "ChessBase"]
[SourceDate "2015.07.17"]
[SourceVersion "1"]
[SourceVersionDate "2015.07.17"]
[SourceQuality "1"]

1. e4 c5 2. Nf3 e6 3. d4 cxd4 4. Nxd4 Nc6 5. Nc3 Qc7 6. Be3 Nf6 7. Qd2 Nxd4 8. Bxd4 e5 9. Nb5 Qb8 10. Be3 a6 11. Nc3 Bb4 12. f3 Qc7 13. Kf2 0-0 14. Nb5 axb5 15. Qxb4 d5 16. Qc5 Qb8 17. exd5 Bd7 18. d6 Ra4 19. c4 bxc4 20. Qxe5 c3 21. Qxc3 Nd5 22. Qc5 Nxe3 23. Qxe3 Qxd6 24. Be2 Bc6 25. Qc3 Qc7 26. b4 Qb6+ 27. Qc5 Qxc5+ 28. bxc5 Rfa8 29. Rhd1 g5 30. Rd2 R8a5 31. Kg3 Rxc5 32. Bd1 Rf4 33. Bb3 h5 34. h3 h4+ 35. Kf2 Rff5 36. Re1 Kg7 37. Re7 Bd5 38. Bxd5 Rfxd5 39. Rxd5 Rxd5 40. Rxb7 1/2-1/2

[Event "CP-2012-Q-00014"]
[Site "LSS email"]
[Date "2013.12.17"]
[Round "?"]
[White "Vlasov, Andrey"]
[Black "Ovchinkin, GA."]
[Result "1/2-1/2"]
[WhiteElo "2059"]
[BlackElo "2102"]
[PlyCount "57"]
[EventDate "2013.12.22"]
[EventType "tourn (corr)"]
[EventRounds "6"]
[EventCountry "GER"]
[SourceTitle "Corr 2015"]
[Source "ChessBase"]
[SourceDate "2015.07.17"]
[SourceVersion "1"]
[SourceVersionDate "2015.07.17"]
[SourceQuality "1"]

1. d4 d5 2. c4 c6 3. Nf3 e6 4. e3 Nf6 5. Bd3 dxc4 6. Bxc4 Nbd7 7. 0-0 Bd6 8. Nbd2 0-0 9. b3 e5 10. Bb2 e4 11. Ng5 Qe7 12. Qc2 Bxh2+ 13. Kxh2 Ng4+ 14. Kg1 Qxg5 15. Qxe4 Ndf6 16. Qf3 Re8 17. Rfe1 Bf5 18. Qg3 Rad8 19. Nf3 Qg6 20. Nh4 Qh5 21. Nxf5 Qxf5 22. Qf3 Qg5 23. Rf1 Qg6 24. Rad1 Nd5 25. Qg3 Re6 26. Rde1 f5 27. Bc1 b5 28. Bd3 Rf8 29. Qf3 1/2-1/2

[Event "CP-2013-P-00026"]
[Site "LSS email"]
[Date "2013.09.30"]
[Round "?"]
[White "Schubert, Volker"]
[Black "Ovchinkin, GA."]
[Result "1/2-1/2"]
[WhiteElo "1956"]
[BlackElo "2102"]
[PlyCount "105"]
[EventDate "2013.10.01"]
[EventType "tourn (corr)"]
[EventRounds "6"]
[EventCountry "GER"]
[SourceTitle "Corr 2015"]
[Source "ChessBase"]
[SourceDate "2015.07.17"]
[SourceVersion "1"]
[SourceVersionDate "2015.07.17"]
[SourceQuality "1"]

1. d4 Nf6 2. c4 c6 3. Nf3 d5 4. Nc3 e6 5. e3 Nbd7 6. Bd3 dxc4 7. Bxc4 b5 8. Bd3 Bb7 9. 0-0 a6 10. e4 c5 11. d5 Qc7 12. dxe6 fxe6 13. Bc2 Bd6 14. Ng5 Nf8 15. Qe2 Bxh2+ 16. Kh1 Be5 17. f4 h6 18. Nf7 Qxf7 19. fxe5 Qh5+ 20. Qxh5+ Nxh5 21. Rd1 g5 22. Be3 Nd7 23. Rd6 0-0-0 24. a4 b4 25. Ne2 c4 26. Bd4 Nb8 27. Rc1 Rxd6 28. exd6 Rf8 29. Bd3 Nc6 30. Bxc4 Kd7 31. Bb6 Nf6 32. Ng3 h5 33. Bd3 Rc8 34. Bb1 Ne5 35. Rxc8 Bxc8 36. Be3 Nf7 37. e5 Ng4 38. Bc5 b3 39. Nxh5 Ngxe5 40. Nf6+ Kc6 41. Bd4 Kxd6 42. Bc3 Bb7 43. a5 Kc5 44. Kg1 Kc4 45. Bh7 Nd3 46. Bg8 Nd8 47. Nh7 g4 48. Nf6 g3 49. Nh5 Bd5 50. Nxg3 Nf4 51. Kf2 Nb7 52. Nf1 Nxg2 53. Bh7 1/2-1/2

[Event "CP-2013-P-00026"]
[Site "LSS email"]
[Date "2013.09.30"]
[Round "?"]
[White "Senis, Enrico"]
[Black "Ovchinkin, GA."]
[Result "0-1"]
[WhiteElo "1074"]
[BlackElo "2102"]
[PlyCount "20"]
[EventDate "2013.10.01"]
[EventType "tourn (corr)"]
[EventRounds "6"]
[EventCountry "GER"]
[SourceTitle "Corr 2015"]
[Source "ChessBase"]
[SourceDate "2015.07.17"]
[SourceVersion "1"]
[SourceVersionDate "2015.07.17"]
[SourceQuality "1"]

1. b3 e5 2. Bb2 Nc6 3. e3 Nf6 4. Bb5 e4 5. Ne2 a6 6. Bxc6 dxc6 7. 0-0 Bd6 8. Nbc3 Bxh2+ 9. Kxh2 Ng4+ 10. Kg1 Qh4 0-1

[Event "WC-2017-P-00008"]
[Site "LSS email"]
[Date "2013.02.27"]
[Round "?"]
[White "Hammerschmidt, Volker"]
[Black "Ovchinkin, GA."]
[Result "0-1"]
[WhiteElo "1812"]
[BlackElo "2115"]
[PlyCount "64"]
[EventDate "2013.03.03"]
[EventType "tourn (corr)"]
[EventRounds "12"]
[EventCountry "GER"]
[SourceTitle "Telechess CBM 167"]
[Source "ChessBase"]
[SourceDate "2015.07.13"]
[SourceVersion "1"]
[SourceVersionDate "2015.07.13"]
[SourceQuality "1"]

1. e4 c5 2. Nf3 d6 3. d4 cxd4 4. Qxd4 Nc6 5. Bb5 Nf6 6. Nc3 Bd7 7. Qd3 a6 8. Bxc6 Bxc6 9. 0-0 e6 10. Rd1 Be7 11. Nd4 Rc8 12. a4 Qa5 13. Ra3 0-0 14. Rb3 d5 15. e5 Nd7 16. Qg3 Rfd8 17. Bg5 Bxg5 18. Qxg5 Qc7 19. Re1 Nc5 20. Rb4 a5 21. Ndb5 axb4 22. Nxc7 bxc3 23. Qe7 b6 24. b4 Rd7 25. Qh4 Rdxc7 26. bxc5 bxc5 27. a5 Ra7 28. Ra1 d4 29. f3 h6 30. h3 Rca8 31. Kf2 Rb7 32. Rc1 Rd7 0-1

[Event "WC-2017-P-00008"]
[Site "LSS email"]
[Date "2013.02.27"]
[Round "?"]
[White "Ovchinkin, GA."]
[Black "Saganauer, Richard"]
[Result "1-0"]
[WhiteElo "2115"]
[BlackElo "1804"]
[PlyCount "77"]
[EventDate "2013.03.03"]
[EventType "tourn (corr)"]
[EventRounds "12"]
[EventCountry "GER"]
[SourceTitle "Telechess CBM 167"]
[Source "ChessBase"]
[SourceDate "2015.07.13"]
[SourceVersion "1"]
[SourceVersionDate "2015.07.13"]
[SourceQuality "1"]

1. e4 c5 2. Nf3 d6 3. d4 cxd4 4. Nxd4 Nf6 5. Nc3 a6 6. h3 e5 7. Nb3 Be7 8. Be3 0-0 9. g4 Be6 10. g5 Nfd7 11. h4 a5 12. a3 Nc6 13. Bh3 Nc5 14. Bxe6 fxe6 15. Qg4 Qd7 16. Nxc5 dxc5 17. Nd5 Qd6 18. Nxe7+ Qxe7 19. c3 b5 20. a4 bxa4 21. 0-0 Rab8 22. Rfb1 Rb6 23. Rxa4 Rfb8 24. Qe2 Qb7 25. Ra2 Rb3 26. Rd1 Rb5 27. Qc4 Qe7 28. Kg2 Kh8 29. Rd3 Qb7 30. Kg3 Qe7 31. b3 Rxb3 32. Bxc5 Qf7 33. Rf3 Qh5 34. Qxe6 Rb1 35. Qf5 Rg8 36. Qf7 Qxf7 37. Rxf7 Rc8 38. Rd2 Rb3 39. Bf8 1-0

[Event "WC-2017-P-00008"]
[Site "LSS email"]
[Date "2013.02.27"]
[Round "?"]
[White "Ovchinkin, GA."]
[Black "Vujadinovic, Milan"]
[Result "1/2-1/2"]
[WhiteElo "2115"]
[BlackElo "2028"]
[PlyCount "55"]
[EventDate "2013.03.03"]
[EventType "tourn (corr)"]
[EventRounds "12"]
[EventCountry "GER"]
[SourceTitle "Telechess CBM 167"]
[Source "ChessBase"]
[SourceDate "2015.07.13"]
[SourceVersion "1"]
[SourceVersionDate "2015.07.13"]
[SourceQuality "1"]

1. Nf3 d5 2. d4 Nf6 3. c4 dxc4 4. g3 c5 5. Qa4+ Nc6 6. dxc5 e5 7. Bg2 Bd7 8. Qxc4 Qa5+ 9. Qc3 Qxc3+ 10. Nxc3 Bxc5 11. 0-0 0-0 12. Bg5 Rfd8 13. Rfd1 Be6 14. Ne1 h6 15. Bxf6 gxf6 16. Nd3 Be7 17. f4 Rab8 18. Kf1 Nd4 19. Rac1 b5 20. e3 Nf5 21. Ke2 b4 22. Ne4 Bxa2 23. fxe5 fxe5 24. Rf1 Nd6 25. Nxe5 Bd5 26. Nc6 Bxc6 27. Rxc6 Rbc8 28. Rfc1 1/2-1/2

[Event "WC-2017-P-00008"]
[Site "LSS email"]
[Date "2013.02.27"]
[Round "?"]
[White "Ovchinkin, GA."]
[Black "Zielinski, Sergej"]
[Result "1/2-1/2"]
[WhiteElo "2115"]
[BlackElo "2143"]
[PlyCount "39"]
[EventDate "2013.03.03"]
[EventType "tourn (corr)"]
[EventRounds "12"]
[EventCountry "GER"]
[SourceTitle "Telechess CBM 167"]
[Source "ChessBase"]
[SourceDate "2015.07.13"]
[SourceVersion "1"]
[SourceVersionDate "2015.07.13"]
[SourceQuality "1"]

1. Nf3 Nf6 2. d4 d5 3. c4 e6 4. g3 Be7 5. Bg2 0-0 6. 0-0 dxc4 7. Qc2 a6 8. Qxc4 b5 9. Qc2 Bb7 10. Bf4 Nc6 11. Nc3 Nb4 12. Qd2 c5 13. dxc5 Bxc5 14. Qxd8 Rfxd8 15. a4 Nbd5 16. Bg5 Nxc3 17. bxc3 Rdc8 18. Bxf6 gxf6 19. axb5 axb5 20. Rxa8 1/2-1/2

[Event "WC-2017-P-00008"]
[Site "LSS email"]
[Date "2013.02.27"]
[Round "?"]
[White "Vujadinovic, Milan"]
[Black "Ovchinkin, GA."]
[Result "1/2-1/2"]
[WhiteElo "2028"]
[BlackElo "2115"]
[PlyCount "60"]
[EventDate "2013.03.03"]
[EventType "tourn (corr)"]
[EventRounds "12"]
[EventCountry "GER"]
[SourceTitle "Telechess CBM 167"]
[Source "ChessBase"]
[SourceDate "2015.07.13"]
[SourceVersion "1"]
[SourceVersionDate "2015.07.13"]
[SourceQuality "1"]

1. d4 Nf6 2. c4 e6 3. g3 b6 4. Bg2 d5 5. Nf3 Bb7 6. 0-0 dxc4 7. Qa4+ Nbd7 8. Qxc4 c5 9. Nc3 Be7 10. Rd1 0-0 11. dxc5 Bxc5 12. Bg5 Rc8 13. Qa4 Bc6 14. Qa6 Qe7 15. Nd4 Bxd4 16. Rxd4 Nc5 17. Qa3 Bxg2 18. Kxg2 Qb7+ 19. f3 Nd5 20. Nxd5 exd5 21. Rad1 Rfe8 22. Kf2 h6 23. Be3 Re6 24. b4 Rce8 25. bxc5 Rxe3 26. Qxe3 Rxe3 27. Kxe3 bxc5 28. Rxd5 c4 29. R5d4 Qa6 30. Kf2 c3 1/2-1/2

[Event "BI-2012-F-00002"]
[Site "LSS email"]
[Date "2013.02.15"]
[Round "?"]
[White "Ovchinkin, GA."]
[Black "Liamtsau, Valery"]
[Result "1-0"]
[WhiteElo "2113"]
[BlackElo "2195"]
[PlyCount "117"]
[EventDate "2013.02.20"]
[EventType "tourn (corr)"]
[EventRounds "10"]
[EventCountry "GER"]
[SourceTitle "Telechess CBM 163"]
[Source "ChessBase"]
[SourceDate "2014.11.11"]
[SourceVersion "2"]
[SourceVersionDate "2014.11.11"]
[SourceQuality "1"]

1. Nf3 Nf6 2. c4 c5 3. Nc3 Nc6 4. g3 g6 5. d4 cxd4 6. Nxd4 Bg7 7. Bg2 0-0 8. 0-0 Nxd4 9. Qxd4 d6 10. Qd3 Bf5 11. e4 Be6 12. b3 Ng4 13. Bd2 Ne5 14. Qe2 Bg4 15. f3 Bd7 16. Rad1 Nc6 17. Be1 Qb6+ 18. Kh1 Nb4 19. f4 Rad8 20. a3 Bxc3 21. Bxc3 Nc6 22. Rd3 f6 23. Qd2 Be6 24. f5 Bf7 25. g4 Ne5 26. fxg6 hxg6 27. Rg3 g5 28. Ba5 Qc5 29. Bxd8 Rxd8 30. h4 Nc6 31. e5 dxe5 32. Rd3 Rxd3 33. Qxd3 gxh4 34. g5 Nd4 35. gxf6 exf6 36. Rxf6 Kg7 37. Rf2 Bg6 38. Be4 Bxe4+ 39. Qxe4 Qc6 40. Rg2+ Kf8 41. Qxe5 h3 42. Qh8+ Ke7 43. Qxh3 Qe4 44. Qg4 Qxg4 45. Rxg4 Nxb3 46. Rg7+ Kd6 47. Rxb7 Nd2 48. c5+ Kxc5 49. Rxa7 Kb5 50. Kg2 Nb3 51. Kf2 Nc5 52. Ke3 Nb3 53. Kd3 Nc5+ 54. Kc3 Ne4+ 55. Kc2 Nc5 56. Ra8 Nd7 57. Kc3 Nb6 58. Rb8 Ka5 59. Kb3 1-0

[Event "CP-2012-P-00017"]
[Site "LSS email"]
[Date "2012.10.01"]
[Round "?"]
[White "Ovchinkin, GA."]
[Black "Kovacs, Arthur"]
[Result "1/2-1/2"]
[WhiteElo "2127"]
[BlackElo "2483"]
[PlyCount "81"]
[EventDate "2012.10.05"]
[EventType "tourn (corr)"]
[EventRounds "6"]
[EventCountry "GER"]
[SourceTitle "Telechess CBM 161"]
[Source "ChessBase"]
[SourceDate "2014.07.16"]
[SourceVersion "1"]
[SourceVersionDate "2014.07.16"]
[SourceQuality "1"]

1. d4 Nf6 2. c4 e6 3. Nf3 d5 4. g3 dxc4 5. Bg2 a6 6. 0-0 Nc6 7. e3 Bd7 8. Qe2 b5 9. b3 cxb3 10. axb3 Bd6 11. e4 Bb4 12. Rd1 0-0 13. Bb2 Re8 14. Nc3 h6 15. Qc2 Qc8 16. Rac1 Bf8 17. Na2 a5 18. d5 exd5 19. exd5 Nb4 20. Nxb4 Bxb4 21. Bxf6 gxf6 22. Nd4 a4 23. bxa4 bxa4 24. d6 Bxd6 25. Bd5 f5 26. Bxa8 Qxa8 27. Nxf5 Qf3 28. Nxd6 Re2 29. Qxe2 Qxe2 30. Nxf7 Bh3 31. Nxh6+ Kf8 32. Rd8+ Ke7 33. Rh8 Qd2 34. Rxc7+ Kf6 35. Rf8+ Kg6 36. Rg8+ Kxh6 37. Rh8+ Kg6 38. Rxh3 Qd1+ 39. Kg2 Qd5+ 40. Kg1 Qd1+ 41. Kg2 1/2-1/2

[Event "SA-2012-0-00296"]
[Site "LSS email"]
[Date "2012.09.09"]
[Round "?"]
[White "Llorente Alvarez, Jose Luis"]
[Black "Ovchinkin, GA."]
[Result "0-1"]
[WhiteElo "2015"]
[BlackElo "2113"]
[PlyCount "106"]
[EventDate "2012.08.25"]
[EventType "tourn (corr)"]
[EventRounds "6"]
[EventCountry "GER"]
[SourceTitle "Telechess CBM 163"]
[Source "ChessBase"]
[SourceDate "2014.11.11"]
[SourceVersion "2"]
[SourceVersionDate "2014.11.11"]
[SourceQuality "1"]

1. e4 c5 2. Nf3 d6 3. d4 cxd4 4. Nxd4 Nf6 5. Nc3 a6 6. Bg5 e6 7. f4 Qb6 8. Nb3 Be7 9. Qf3 Nbd7 10. 0-0-0 Qc7 11. Bd3 b5 12. Rhe1 b4 13. Ne2 Bb7 14. Kb1 h6 15. Qh3 Nxe4 16. Bxe4 Bxe4 17. Ned4 d5 18. Nd2 Rc8 19. Nxe4 dxe4 20. Bxe7 Kxe7 21. Qb3 a5 22. f5 Nc5 23. Qe3 Rhd8 24. fxe6 fxe6 25. Qf2 Rf8 26. Qh4+ Rf6 27. Qh5 a4 28. Nb5 Qb6 29. Nd6 Rd8 30. Nc4 Rxd1+ 31. Rxd1 Qc7 32. Nd6 Qc6 33. Nc4 Rf5 34. Qh4+ Rg5 35. Qf4 Nd7 36. b3 Rd5 37. Rc1 Nf6 38. Qg3 Rg5 39. Qb8 Qc5 40. h4 Rd5 41. Nb6 Rd8 42. Qb7+ Kf8 43. Nxa4 Qd4 44. Qc6 Kf7 45. Qc7+ Rd7 46. Qc5 e3 47. Qxd4 Rxd4 48. c3 bxc3 49. Nxc3 Nd5 50. Nb5 Rxh4 51. a4 Rg4 52. Re1 h5 53. a5 Rb4 0-1

[Event "SA-2012-0-00296"]
[Site "LSS email"]
[Date "2012.09.09"]
[Round "?"]
[White "Ovchinkin, GA."]
[Black "De Waele, Willy"]
[Result "1-0"]
[WhiteElo "2113"]
[BlackElo "1983"]
[PlyCount "51"]
[EventDate "2012.08.25"]
[EventType "tourn (corr)"]
[EventRounds "6"]
[EventCountry "GER"]
[SourceTitle "Telechess CBM 163"]
[Source "ChessBase"]
[SourceDate "2014.11.11"]
[SourceVersion "2"]
[SourceVersionDate "2014.11.11"]
[SourceQuality "1"]

1. d4 d5 2. Nf3 Nf6 3. c4 c6 4. e3 Bf5 5. Nc3 e6 6. Nh4 Be4 7. f3 Bg6 8. Qb3 Qc7 9. g3 Bh5 10. g4 Bg6 11. e4 dxe4 12. g5 Nh5 13. Nxg6 hxg6 14. Nxe4 Nd7 15. Be3 0-0-0 16. 0-0-0 Nf4 17. Kb1 Kb8 18. c5 Be7 19. Bc4 Nh3 20. f4 f5 21. gxf6 Nxf6 22. Nxf6 gxf6 23. f5 exf5 24. d5 cxd5 25. Bxd5 g5 26. Rd4 1-0

[Event "RA-2012-0-00229"]
[Site "LSS email"]
[Date "2012.08.05"]
[Round "?"]
[White "Zielinski, Sergej"]
[Black "Ovchinkin, GA."]
[Result "0-1"]
[WhiteElo "2157"]
[BlackElo "2069"]
[PlyCount "74"]
[EventDate "2012.07.15"]
[EventType "tourn (corr)"]
[EventRounds "6"]
[EventCountry "GER"]
[SourceTitle "Telechess CBM 163"]
[Source "ChessBase"]
[SourceDate "2014.11.11"]
[SourceVersion "2"]
[SourceVersionDate "2014.11.11"]
[SourceQuality "1"]

1. c4 Nf6 2. Nf3 e6 3. d4 b6 4. g3 Bb7 5. Bg2 c5 6. d5 exd5 7. Nh4 g6 8. Nc3 Bg7 9. 0-0 d6 10. cxd5 0-0 11. Nf3 Na6 12. Nd2 Nc7 13. Qb3 b5 14. e4 b4 15. Ne2 Re8 16. Re1 Ba6 17. Nf4 Rb8 18. Rb1 Bb5 19. h4 a5 20. Nc4 Ncxd5 21. Nxd5 Nxd5 22. Bg5 Bxc4 23. Qxc4 Nb6 24. Qc2 Qd7 25. Bf4 Qe6 26. Bf1 c4 27. Rbd1 Be5 28. Bc1 b3 29. axb3 cxb3 30. Qd2 a4 31. f4 Bg7 32. Qf2 a3 33. bxa3 Na4 34. f5 Qc8 35. f6 b2 36. Bd3 bxc1Q 37. Rxc1 Nc5 0-1

[Event "OP-2012-0-02258"]
[Site "LSS email"]
[Date "2012.06.21"]
[Round "?"]
[White "Schild, Reinhard"]
[Black "Ovchinkin, GA."]
[Result "1/2-1/2"]
[WhiteElo "1985"]
[BlackElo "2018"]
[PlyCount "51"]
[EventDate "2012.06.17"]
[EventType "tourn (corr)"]
[EventRounds "4"]
[EventCountry "GER"]
[SourceTitle "Telechess CBM 153"]
[Source "ChessBase"]
[SourceDate "2013.03.14"]
[SourceVersion "1"]
[SourceVersionDate "2013.03.14"]
[SourceQuality "1"]

1. d4 Nf6 2. c4 e6 3. g3 c5 4. d5 exd5 5. cxd5 b5 6. Nf3 Bb7 7. e4 Nxe4 8. Bg2 Be7 9. 0-0 0-0 10. Re1 f5 11. Nc3 Na6 12. Nxb5 Nb4 13. d6 Bf6 14. a3 Nc6 15. Nd2 Nd4 16. Nxe4 Bxe4 17. Bxe4 fxe4 18. Rxe4 Rb8 19. Nxd4 Bxd4 20. Be3 Rxb2 21. Rb1 Rxb1 22. Qxb1 Bxe3 23. Qb3+ Kh8 24. Qxe3 Qb8 25. Qd3 Qb2 26. Re2 1/2-1/2

[Event "BI-2012-P-00003"]
[Site "LSS email"]
[Date "2012.04.20"]
[Round "?"]
[White "Ovchinkin, GA."]
[Black "Kroes, Friso"]
[Result "1-0"]
[WhiteElo "2054"]
[BlackElo "1906"]
[PlyCount "89"]
[EventDate "2012.04.22"]
[EventType "tourn (corr)"]
[EventRounds "10"]
[EventCountry "GER"]
[SourceTitle "Telechess CBM 165"]
[Source "ChessBase"]
[SourceDate "2015.03.11"]
[SourceVersion "1"]
[SourceVersionDate "2015.03.11"]
[SourceQuality "1"]

1. d4 d5 2. c4 c6 3. Nf3 Nf6 4. Nc3 e6 5. Bg5 dxc4 6. e4 b5 7. e5 h6 8. Bh4 g5 9. Nxg5 hxg5 10. Bxg5 Nbd7 11. exf6 Bb7 12. g3 c5 13. d5 Qb6 14. Bg2 0-0-0 15. 0-0 b4 16. Na4 Qb5 17. a3 Nb8 18. axb4 cxb4 19. Qg4 Bxd5 20. Rfc1 Nc6 21. Bxd5 Rxd5 22. Rxc4 Rxg5 23. Qd4 Kb8 24. Rxc6 Rxg3+ 25. fxg3 Qxc6 26. Rd1 Qc7 27. b3 Kc8 28. Qe3 Kb8 29. Qd2 Bc5+ 30. Nxc5 Qxc5+ 31. Qd4 Qc3 32. Qxc3 bxc3 33. Rc1 Rc8 34. Kf2 c2 35. Ke3 Rc3+ 36. Kd4 Rxb3 37. Rxc2 Rf3 38. Ke5 Rf5+ 39. Kd6 Rxf6 40. Ke7 Rf1 41. h4 e5 42. h5 e4 43. g4 e3 44. h6 f5 45. Rh2 1-0

[Event "RB-2011-0-00163"]
[Site "LSS email"]
[Date "2012.01.18"]
[Round "?"]
[White "Ovchinkin, GA."]
[Black "Taleno, David"]
[Result "1/2-1/2"]
[WhiteElo "1973"]
[BlackElo "1957"]
[PlyCount "79"]
[EventDate "2011.12.28"]
[EventType "tourn (corr)"]
[EventRounds "6"]
[EventCountry "GER"]
[SourceTitle "Telechess CBM 153"]
[Source "ChessBase"]
[SourceDate "2013.03.14"]
[SourceVersion "1"]
[SourceVersionDate "2013.03.14"]
[SourceQuality "1"]

1. e4 e5 2. Nf3 Nc6 3. Bb5 Nf6 4. 0-0 Nxe4 5. d4 Nd6 6. Bxc6 dxc6 7. dxe5 Nf5 8. Qxd8+ Kxd8 9. Rd1+ Ke8 10. Nc3 h6 11. h3 Be6 12. b3 Bb4 13. Bb2 Bxc3 14. Bxc3 c5 15. g4 Ne7 16. Kg2 b6 17. Kg3 Rd8 18. Ne1 h5 19. Rxd8+ Kxd8 20. Rd1+ Nd5 21. Bd2 Kc8 22. c4 Ne7 23. Bc3 hxg4 24. hxg4 Rh1 25. f3 Nc6 26. Kg2 Rh8 27. Nd3 Rd8 28. Kf2 a5 29. Ke3 Rh8 30. Nf4 Rh2 31. Rd2 Rh4 32. Rf2 Rh7 33. Nd5 Kb8 34. Kf4 Kb7 35. Rb2 Rh8 36. Ke4 a4 37. Nf4 axb3 38. axb3 Rh1 39. Nxe6 fxe6 40. Ke3 1/2-1/2

[Event "RB-2011-0-00163"]
[Site "LSS email"]
[Date "2012.01.18"]
[Round "?"]
[White "Tarmak, Mart"]
[Black "Ovchinkin, GA."]
[Result "0-1"]
[WhiteElo "1940"]
[BlackElo "1973"]
[PlyCount "106"]
[EventDate "2011.12.28"]
[EventType "tourn (corr)"]
[EventRounds "6"]
[EventCountry "GER"]
[SourceTitle "Telechess CBM 153"]
[Source "ChessBase"]
[SourceDate "2013.03.14"]
[SourceVersion "1"]
[SourceVersionDate "2013.03.14"]
[SourceQuality "1"]

1. e4 c5 2. Nf3 d6 3. d4 cxd4 4. Nxd4 Nf6 5. Nc3 a6 6. Be3 e5 7. Nb3 Be6 8. f3 h5 9. Qd2 Be7 10. 0-0-0 Nbd7 11. h3 Qc7 12. Bd3 b5 13. g4 b4 14. Ne2 a5 15. Kb1 a4 16. Nbc1 d5 17. g5 dxe4 18. fxe4 Nh7 19. Ng3 0-0 20. Nf5 Bc5 21. Bb5 a3 22. Bxd7 axb2 23. Kxb2 Bxe3 24. Nxe3 Rfd8 25. Nd5 Qxd7 26. Qh2 Qa4 27. Qxe5 Re8 28. g6 fxg6 29. Qd4 Rac8 30. Rh2 Qa3+ 31. Kb1 Bf7 32. Nb3 Rcd8 33. Rg2 Ra8 34. Rd3 Qxa2+ 35. Kc1 Rac8 36. Nc5 Qa7 37. Nb3 Qa6 38. Kb1 Rc4 39. Qa1 Qxa1+ 40. Kxa1 Nf6 41. Nxf6+ gxf6 42. Rd6 Kg7 43. Nd4 Rxe4 44. Nf5+ Kf8 45. Rd8+ Re8 46. Rxe8+ Bxe8 47. Nd6 Rc3 48. Nxe8 Kxe8 49. Rxg6 Kf7 50. Rg1 Rxh3 51. Kb2 Rf3 52. Rh1 Kg6 53. Kc1 b3 0-1

[Event "RB-2011-0-00155"]
[Site "LSS email"]
[Date "2011.12.10"]
[Round "?"]
[White "Morcin, Tom"]
[Black "Ovchinkin, GA."]
[Result "0-1"]
[WhiteElo "1999"]
[BlackElo "1939"]
[PlyCount "52"]
[EventDate "2011.11.17"]
[EventType "tourn (corr)"]
[EventRounds "6"]
[EventCountry "GER"]
[SourceTitle "Telechess CBM 155"]
[Source "ChessBase"]
[SourceDate "2013.07.16"]
[SourceVersion "1"]
[SourceVersionDate "2013.07.16"]
[SourceQuality "1"]

1. e4 c5 2. Nf3 d6 3. d4 cxd4 4. Nxd4 Nf6 5. Nc3 a6 6. Bg5 e6 7. f4 Qb6 8. Nb3 Be7 9. Qf3 Qc7 10. 0-0-0 Nbd7 11. Bd3 b5 12. a3 Bb7 13. Rhe1 Nc5 14. Kb1 Na4 15. Nd4 Nxc3+ 16. bxc3 0-0-0 17. Bf1 Rd7 18. c4 bxc4 19. Ka2 Qa5 20. Bxf6 Bxf6 21. Qe3 d5 22. e5 Be7 23. Qc1 Bc5 24. Re3 Ba8 25. Qd2 Qa4 26. Qc1 Rb7 0-1

[Event "OP-2011-0-01922"]
[Site "LSS email"]
[Date "2011.12.06"]
[Round "?"]
[White "Semenov, Zhenya"]
[Black "Ovchinkin, GA."]
[Result "0-1"]
[WhiteElo "977"]
[BlackElo "1899"]
[PlyCount "56"]
[EventDate "2011.12.03"]
[EventType "tourn (corr)"]
[EventRounds "4"]
[EventCountry "GER"]
[SourceTitle "Telechess CBM 157"]
[Source "ChessBase"]
[SourceDate "2013.11.12"]
[SourceVersion "1"]
[SourceVersionDate "2013.11.12"]
[SourceQuality "1"]

1. Nf3 Nf6 2. g3 d5 3. d4 e6 4. Bg2 c5 5. e3 Nc6 6. c3 Bd6 7. 0-0 0-0 8. Nbd2 Ne4 9. Nxe4 dxe4 10. Nd2 f5 11. Nc4 Be7 12. f4 b5 13. Ne5 Bb7 14. Nxc6 Bxc6 15. b3 a5 16. Bb2 Qb6 17. Kh1 a4 18. Rf2 Rfd8 19. Qc2 a3 20. Bc1 b4 21. cxb4 cxd4 22. exd4 Qxd4 23. Rb1 Bb5 24. Rd2 Qxb4 25. Qd1 e3 26. Bxa8 exd2 27. Bf3 Be2 28. Bxa3 Bxd1 0-1

[Event "OP-2011-0-01900"]
[Site "LSS email"]
[Date "2011.11.24"]
[Round "?"]
[White "Ovchinkin, GA."]
[Black "Leonov, Aleksandr"]
[Result "1-0"]
[WhiteElo "1866"]
[BlackElo "1326"]
[PlyCount "39"]
[EventDate "2011.11.22"]
[EventType "tourn (corr)"]
[EventRounds "4"]
[EventCountry "GER"]
[SourceTitle "Telechess CBM 149"]
[Source "ChessBase"]
[SourceDate "2012.07.17"]
[SourceVersion "1"]
[SourceVersionDate "2012.07.17"]
[SourceQuality "1"]

1. e4 e5 2. Nf3 Nf6 3. Nxe5 Nxe4 4. Qe2 Nf6 5. Nc6+ Qe7 6. Nxe7 Bxe7 7. d4 d5 8. Bg5 Be6 9. Nc3 c6 10. 0-0-0 Nbd7 11. f3 0-0 12. g4 h6 13. Bf4 Nh7 14. h4 g5 15. hxg5 hxg5 16. Qh2 Ndf6 17. Bd3 Kg7 18. Qh6+ Kg8 19. Bxh7+ Kh8 20. Bg6+ 1-0

[Event "OP-2011-0-01900"]
[Site "LSS email"]
[Date "2011.11.24"]
[Round "?"]
[White "Ovchinkin, GA."]
[Black "Raines, David T"]
[Result "1-0"]
[WhiteElo "1866"]
[BlackElo "1129"]
[PlyCount "23"]
[EventDate "2011.11.22"]
[EventType "tourn (corr)"]
[EventRounds "4"]
[EventCountry "GER"]
[SourceTitle "Corr 2015"]
[Source "ChessBase"]
[SourceDate "2015.07.17"]
[SourceVersion "1"]
[SourceVersionDate "2015.07.17"]
[SourceQuality "1"]

1. e4 c6 2. d4 d5 3. Nc3 dxe4 4. Nxe4 Nd7 5. Bd3 Ngf6 6. Nf3 e6 7. Qe2 Be7 8. 0-0 0-0 9. c3 b6 10. Neg5 Bb7 11. Re1 Bd6 12. Nxe6 1-0

[Event "OP-2011-0-01848"]
[Site "LSS email"]
[Date "2011.10.30"]
[Round "?"]
[White "Razumichin, Andrey Mikhailovich"]
[Black "Ovchinkin, GA."]
[Result "1-0"]
[WhiteElo "2254"]
[BlackElo "2016"]
[PlyCount "61"]
[EventDate "2011.10.27"]
[EventType "tourn (corr)"]
[EventRounds "4"]
[EventCountry "GER"]
[SourceTitle "Telechess CBM 155"]
[Source "ChessBase"]
[SourceDate "2013.07.16"]
[SourceVersion "1"]
[SourceVersionDate "2013.07.16"]
[SourceQuality "1"]

1. e4 e6 2. d4 d5 3. Nc3 Nf6 4. e5 Nfd7 5. f4 c5 6. Nf3 Nc6 7. Be3 Qb6 8. Na4 Qa5+ 9. c3 cxd4 10. b4 Nxb4 11. cxb4 Bxb4+ 12. Bd2 Bxd2+ 13. Nxd2 0-0 14. Bd3 b5 15. Nb2 Nb6 16. 0-0 Nc4 17. Nbxc4 bxc4 18. Bxh7+ Kxh7 19. Qh5+ Kg8 20. Nf3 g6 21. Qh6 Qc7 22. f5 exf5 23. Rae1 f6 24. exf6 Qh7 25. Qf4 Qf7 26. Re7 Qxf6 27. Rfe1 Bd7 28. Rxd7 Rfe8 29. Rb1 Re7 30. Rxd5 c3 31. Rd6 1-0